| 000 | 00898nam a2200241 a 4500 | ||
|---|---|---|---|
| 001 | 1261 | ||
| 003 | BR-CuiBMT | ||
| 005 | 20231202180527.0 | ||
| 008 | 230808s2010 dfba 000 0 por d | ||
| 020 | _a9788579580093 | ||
| 040 |
_aBR-CuiBMT _cBR-CuiBMT |
||
| 080 |
_a656.1/.5 _x(81) _x(094.5) _22007 |
||
| 090 |
_a656.1/.5(81)(094.5) _bB823c |
||
| 110 | 1 |
_aBrasil. _bDepartamento Nacional de Trânsito. |
|
| 245 | 1 | 0 |
_a100 anos de legislação de trânsito no Brasil : _b1910 - 2010 / _cMinistério das Cidades, Departamento Nacional de Trânsito, Conselho Nacional de Trânsito. |
| 260 |
_aBrasília : _bMinistério das Cidades, _cc2010. |
||
| 300 |
_a264 p. ; _bil. color. : _c28 cm |
||
| 504 | _aInclui bibliografia e índice. | ||
| 650 | _aCódigo de trânsito brasileiro | ||
| 650 |
_aTrânsito _xLegislação _zBrasil |
||
| 650 |
_aTrânsito _xEvolução histórica _zBrasil |
||
| 942 |
_2udc _cLV |
||
| 999 |
_c1261 _d1261 |
||